[Event "Eurasia Open Cup 2019"]
[Site "Ekaterinburg"]
[Date "2019.08.08"]
[Round "8.3"]
[White "Afanasiev, Nikita"]
[Black "Khusenkhojaev, Muhammad"]
[Result "1-0"]
[WhiteElo "2514"]
[BlackElo "2441"]
[Annotator "ChessBase"]
[PlyCount "85"]
[EventDate "2019.07.31"]
[EventType "swiss"]
[EventCountry "RUS"]
[SourceTitle "playchess.com"]
[Source "ChessBase"]
[SourceQuality "1"]
[TimeControl "5400+30"]

1. e4 {[%emt 0:00:00]} e5 {[%emt 0:00:00]} 2. Nf3 {[%emt 0:00:00]} Nc6 {[%emt 0:00:00]} 3. Bb5 {[%emt 0:00:00]} a6 {[%emt 0:00:00]} 4. Ba4 {[%emt 0:00:00]} Nf6 {[%emt 0:00:00]} 5. O-O {[%emt 0:00:00]} Be7 {[%emt 0:00:00]} 6. Re1 {[%emt 0:00:44]} b5 {[%emt 0:00:08]} 7. Bb3 {[%emt 0:00:00]} d6 {[%emt 0:00:11]} 8. a4 {[%emt 0:00:00]} b4 {[%emt 0:01:41]} 9. a5 {[%emt 0:00:58]} O-O {[%emt 0:00:43]} 10. h3 {[%emt 0:00:43]} Be6 {[%emt 0:07:57]} 11. Bxe6 {[%emt 0:03:37]} fxe6 {[%emt 0:00:07]} 12. c3 {[%emt 0:00:00]} Rb8 {[%emt 0:04:17]} 13. d4 {[%emt 0:06:32]} bxc3 {[%emt 0:12:29]} 14. bxc3 {[%emt 0:01:31]} Rb5 {[%emt 0:04:51]} 15. c4 {[%emt 0:10:16]} Rxa5 {[%emt 0:06:09]} 16. Rxa5 {[%emt 0:03:12]} Nxa5 {[%emt 0:00:06]} 17. Qa4 {[%emt 0:00:37]} Nb7 {[%emt 0:00:04]} 18. Qc6 {[%emt 0:10:50]} Qb8 {[%emt 0:02:28]} 19. dxe5 {[%emt 0:01:06]} Nd8 {[%emt 0:01:36]} 20. Qxa6 {[%emt 0:05:16]} Nxe4 {[%emt 0:00:29]} 21. Rxe4 {[%emt 0:26:24]} Qxb1 {[%emt 0:00:14]} 22. Re1 {[%emt 0:00:04]} Qg6 {[%emt 0:08:04]} 23. Qa8 {[%emt 0:04:12]} Qc2 {[%emt 0:13:05]} 24. Be3 {[%emt 0:21:20]} dxe5 {[%emt 0:06:52]} 25. c5 {[%emt 0:01:43]} e4 {[%emt 0:02:12]} 26. Rc1 {[%emt 0:00:32]} Qd3 {[%emt 0:01:30]} 27. Nd2 {[%emt 0:00:25]} Qd5 {[%emt 0:01:19]} 28. Qa4 {[%emt 0:00:37]} Nf7 {[%emt 0:10:11]} 29. Nxe4 {[%emt 0:00:48]} Ra8 {[%emt 0:01:20]} 30. Qc2 {[%emt 0:00:43]} Qf5 {[%emt 0:00:24]} 31. Qb1 {[%emt 0:00:11]} Rd8 {[%emt 0:04:40]} 32. Qb7 {[%emt 0:01:37]} Qe5 {[%emt 0:02:01]} 33. Nd2 {[%emt 0:00:25]} Rd7 {[%emt 0:02:49]} 34. c6 {[%emt 0:00:38]} Nd8 {[%emt 0:03:13]} 35. Qa7 {[%emt 0:00:06]} Rd3 {[%emt 0:00:58]} 36. g3 {[%emt 0:01:06]} Qd6 {[%emt 0:03:59]} 37. Nc4 {[%emt 0:00:59]} Rd1+ {[%emt 0:01:06]} 38. Kh2 {[%emt 0:00:29]} Qd5 {[%emt 0:00:43]} 39. Rxd1 {[%emt 0:00:43]} Qxd1 {[%emt 0:00:24]} 40. Qxc7 {[%emt 0:00:00]} Kf8 {[%emt 0:00:01]} 41. Qc8 {[%emt 0:00:14]} Kf7 {[%emt 0:00:40]} 42. c7 {[%emt 0:00:00]} Nc6 {[%emt 0:01:22]} 43. Qb7 {[%emt 0:00:00]} 1-0

[Event "Eurasia Open Cup 2019"]
[Site "Ekaterinburg"]
[Date "2019.08.08"]
[Round "8.4"]
[White "Bocharov, Ivan"]
[Black "Drygalov, Sergey"]
[Result "1/2-1/2"]
[WhiteElo "2559"]
[BlackElo "2492"]
[Annotator "ChessBase"]
[PlyCount "81"]
[EventDate "2019.07.31"]
[EventType "swiss"]
[EventCountry "RUS"]
[SourceTitle "playchess.com"]
[Source "ChessBase"]
[SourceQuality "1"]
[TimeControl "5400+30"]

1. Nf3 {[%emt 0:00:00]} d5 {[%emt 0:16:52]} 2. e3 {[%emt 0:00:00]} Nf6 {[%emt 0:01:14]} 3. c4 {[%emt 0:00:00]} c6 {[%emt 0:00:31]} 4. Nc3 {[%emt 0:00:00]} e6 {[%emt 0:01:01]} 5. b3 {[%emt 0:00:00]} Nbd7 {[%emt 0:01:19]} 6. Qc2 {[%emt 0:01:13]} b6 {[%emt 0:00:42]} 7. cxd5 {[%emt 0:01:51]} exd5 {[%emt 0:00:37]} 8. Bb2 {[%emt 0:01:26]} Bb7 {[%emt 0:01:46]} 9. d4 {[%emt 0:04:45]} Bd6 {[%emt 0:01:12]} 10. Bd3 {[%emt 0:00:00]} O-O {[%emt 0:02:03]} 11. O-O {[%emt 0:00:00]} Re8 {[%emt 0:03:04]} 12. Rfe1 {[%emt 0:00:00]} Bb4 {[%emt 0:03:38]} 13. a3 {[%emt 0:02:34]} Bxc3 {[%emt 0:00:10]} 14. Bxc3 {[%emt 0:00:08]} Ne4 {[%emt 0:01:29]} 15. Bb2 {[%emt 0:00:01]} h6 {[%emt 0:01:12]} 16. Ne5 {[%emt 0:03:11]} Nxe5 {[%emt 0:07:26]} 17. dxe5 {[%emt 0:00:06]} Nc5 {[%emt 0:02:05]} 18. Bf5 {[%emt 0:03:21]} Qe7 {[%emt 0:08:55]} 19. Rad1 {[%emt 0:07:29]} g6 {[%emt 0:13:32]} 20. b4 {[%emt 0:03:34]} Ne6 {[%emt 0:00:51]} 21. Bxe6 {[%emt 0:00:38]} Qxe6 {[%emt 0:00:18]} 22. Rd4 {[%emt 0:00:01]} c5 {[%emt 0:03:30]} 23. bxc5 {[%emt 0:03:57]} Rac8 {[%emt 0:01:09]} 24. Rf4 {[%emt 0:03:38]} Rxc5 {[%emt 0:03:10]} 25. Qd1 {[%emt 0:04:06]} Rc4 {[%emt 0:01:08]} 26. Bd4 {[%emt 0:01:04]} Qc6 {[%emt 0:02:36]} 27. h4 {[%emt 0:02:19]} Bc8 {[%emt 0:01:37]} 28. Qf3 {[%emt 0:00:01]} Bf5 {[%emt 0:01:16]} 29. h5 {[%emt 0:03:23]} Be4 {[%emt 0:03:21]} 30. Qg3 {[%emt 0:02:45]} Re6 {[%emt 0:00:07]} 31. f3 {[%emt 0:05:37]} Bd3 {[%emt 0:00:06]} 32. Rd1 {[%emt 0:01:17]} Rc1 {[%emt 0:01:10]} 33. Rxc1 {[%emt 0:00:32]} Qxc1+ {[%emt 0:00:08]} 34. Kh2 {[%emt 0:00:00]} g5 {[%emt 0:06:31]} 35. Rf6 {[%emt 0:00:09]} Qc2 {[%emt 0:01:23]} 36. Qg4 {[%emt 0:05:03]} Rxf6 {[%emt 0:00:58]} 37. exf6 {[%emt 0:00:01]} Bf5 {[%emt 0:01:24]} 38. Qg3 {[%emt 0:00:02]} Kh7 {[%emt 0:00:34]} 39. Qd6 {[%emt 0:12:55]} Qf2 {[%emt 0:00:06]} 40. Qf8 {[%emt 0:06:17]} Qh4+ {[%emt 0:00:05]} 41. Kg1 {[%emt 0:00:01]} 1/2-1/2

[Event "Eurasia Open Cup 2019"]
[Site "Ekaterinburg"]
[Date "2019.08.08"]
[Round "8.5"]
[White "Shubin, Kirill"]
[Black "Moiseenko, Vadim"]
[Result "1/2-1/2"]
[WhiteElo "2426"]
[BlackElo "2523"]
[Annotator "ChessBase"]
[PlyCount "80"]
[EventDate "2019.07.31"]
[EventType "swiss"]
[EventCountry "RUS"]
[SourceTitle "playchess.com"]
[Source "ChessBase"]
[SourceQuality "1"]
[TimeControl "5400+30"]

1. e4 {[%emt 0:00:00]} e5 {[%emt 0:05:08]} 2. Nf3 {[%emt 0:00:00]} Nc6 {[%emt 0:00:04]} 3. Bb5 {[%emt 0:00:00]} a6 {[%emt 0:00:10]} 4. Ba4 {[%emt 0:00:00]} Nf6 {[%emt 0:00:04]} 5. O-O {[%emt 0:00:00]} b5 {[%emt 0:00:24]} 6. Bb3 {[%emt 0:00:00]} Bb7 {[%emt 0:00:04]} 7. d3 {[%emt 0:07:50]} Bc5 {[%emt 0:00:21]} 8. Nc3 {[%emt 0:00:54]} d6 {[%emt 0:01:11]} 9. a3 {[%emt 0:00:14]} h6 {[%emt 0:02:57]} 10. Nd5 {[%emt 0:00:40]} O-O {[%emt 0:04:27]} 11. c3 {[%emt 0:03:36]} Rb8 {[%emt 0:08:35]} 12. Be3 {[%emt 0:02:37]} Nxd5 {[%emt 0:01:18]} 13. Bxd5 {[%emt 0:00:16]} Bxe3 {[%emt 0:00:25]} 14. fxe3 {[%emt 0:00:14]} Ne7 {[%emt 0:00:09]} 15. Bxb7 {[%emt 0:01:19]} Rxb7 {[%emt 0:00:04]} 16. Nh4 {[%emt 0:00:53]} d5 {[%emt 0:05:01]} 17. exd5 {[%emt 0:07:37]} Qxd5 {[%emt 0:04:31]} 18. d4 {[%emt 0:06:29]} e4 {[%emt 0:05:16]} 19. g4 {[%emt 0:05:57]} Qg5 {[%emt 0:04:34]} 20. Ng2 {[%emt 0:00:42]} f5 {[%emt 0:02:12]} 21. Qb3+ {[%emt 0:05:42]} Kh7 {[%emt 0:00:44]} 22. Qe6 {[%emt 0:07:08]} Qf6 {[%emt 0:10:35]} 23. gxf5 {[%emt 0:05:31]} Nxf5 {[%emt 0:00:49]} 24. Qxe4 {[%emt 0:02:43]} Rbb8 {[%emt 0:00:14]} 25. Qg4 {[%emt 0:04:33]} Qe6 {[%emt 0:01:25]} 26. Rf4 {[%emt 0:04:14]} g5 {[%emt 0:02:27]} 27. Rf2 {[%emt 0:00:26]} Qg6 {[%emt 0:02:43]} 28. Raf1 {[%emt 0:01:29]} h5 {[%emt 0:00:00]} 29. Qe4 {[%emt 0:04:29]} Rbe8 {[%emt 0:00:06]} 30. Qb1 {[%emt 0:00:19]} Ne7 {[%emt 0:00:12]} 31. Rf7+ {[%emt 0:01:17]} Rxf7 {[%emt 0:00:00]} 32. Rxf7+ {[%emt 0:00:04]} Kh6 {[%emt 0:00:00]} 33. Qf1 {[%emt 0:04:07]} Nd5 {[%emt 0:00:15]} 34. Qf5 {[%emt 0:05:45]} Qxf5 {[%emt 0:02:01]} 35. Rxf5 {[%emt 0:00:00]} Nxe3 {[%emt 0:00:22]} 36. Nxe3 {[%emt 0:00:00]} Rxe3 {[%emt 0:00:06]} 37. Rf6+ {[%emt 0:00:00]} Kg7 {[%emt 0:00:03]} 38. Rxa6 {[%emt 0:00:00]} Re2 {[%emt 0:03:32]} 39. b4 {[%emt 0:00:53]} h4 {[%emt 0:00:08]} 40. Rc6 {[%emt 0:01:29]} h3 {[%emt 0:00:39]} 1/2-1/2

[Event "Eurasia Open Cup 2019"]
[Site "Ekaterinburg"]
[Date "2019.08.08"]
[Round "8.6"]
[White "Drygalov, Andrey"]
[Black "Kabanov, Nikolai"]
[Result "1/2-1/2"]
[WhiteElo "2494"]
[BlackElo "2450"]
[Annotator "ChessBase"]
[PlyCount "135"]
[EventDate "2019.07.31"]
[EventType "swiss"]
[EventCountry "RUS"]
[SourceTitle "playchess.com"]
[Source "ChessBase"]
[SourceQuality "1"]
[TimeControl "5400+30"]

1. e4 {[%emt 0:00:00]} c6 {[%emt 0:00:00]} 2. d4 {[%emt 0:00:00]} d5 {[%emt 0:00:00]} 3. e5 {[%emt 0:01:27]} Bf5 {[%emt 0:00:02]} 4. Nf3 {[%emt 0:00:00]} e6 {[%emt 0:00:10]} 5. Be2 {[%emt 0:00:05]} Nd7 {[%emt 0:00:11]} 6. O-O {[%emt 0:00:05]} Ne7 {[%emt 0:00:11]} 7. Nbd2 {[%emt 0:00:26]} Nc8 {[%emt 0:00:16]} 8. Nb3 {[%emt 0:00:22]} Be7 {[%emt 0:00:16]} 9. a4 {[%emt 0:00:52]} O-O {[%emt 0:00:16]} 10. a5 {[%emt 0:00:42]} a6 {[%emt 0:00:11]} 11. Be3 {[%emt 0:01:25]} Na7 {[%emt 0:00:59]} 12. Ne1 {[%emt 0:01:32]} Rc8 {[%emt 0:17:12]} 13. g4 {[%emt 0:03:30]} Bg6 {[%emt 0:04:42]} 14. f4 {[%emt 0:00:53]} f5 {[%emt 0:00:36]} 15. Nd3 {[%emt 0:11:39]} Nb5 {[%emt 0:02:37]} 16. g5 {[%emt 0:06:08]} Qc7 {[%emt 0:11:15]} 17. Bf3 {[%emt 0:02:15]} Qb8 {[%emt 0:00:31]} 18. Qe2 {[%emt 0:03:02]} Rfd8 {[%emt 0:00:28]} 19. c3 {[%emt 0:02:42]} Qc7 {[%emt 0:00:39]} 20. h4 {[%emt 0:01:47]} Be8 {[%emt 0:00:24]} 21. Rfc1 {[%emt 0:02:42]} Ra8 {[%emt 0:00:36]} 22. Ndc5 {[%emt 0:07:35]} Bxc5 {[%emt 0:04:00]} 23. dxc5 {[%emt 0:00:20]} Nf8 {[%emt 0:00:16]} 24. h5 {[%emt 0:01:27]} Qe7 {[%emt 0:00:21]} 25. Kf2 {[%emt 0:02:38]} Rd7 {[%emt 0:00:56]} 26. Rg1 {[%emt 0:00:56]} Rad8 {[%emt 0:01:23]} 27. Bd4 {[%emt 0:00:26]} Nxd4 {[%emt 0:00:50]} 28. cxd4 {[%emt 0:00:06]} Rc7 {[%emt 0:00:20]} 29. Nd2 {[%emt 0:01:28]} Bd7 {[%emt 0:07:44]} 30. Nf1 {[%emt 0:00:15]} Bc8 {[%emt 0:00:36]} 31. Ne3 {[%emt 0:00:05]} Qe8 {[%emt 0:01:12]} 32. Rh1 {[%emt 0:01:05]} Kh8 {[%emt 0:00:15]} 33. Rag1 {[%emt 0:00:10]} Qe7 {[%emt 0:00:35]} 34. Qc2 {[%emt 0:00:20]} Kg8 {[%emt 0:00:25]} 35. Be2 {[%emt 0:00:05]} Re8 {[%emt 0:00:45]} 36. Bd3 {[%emt 0:00:05]} Rd8 {[%emt 0:00:46]} 37. Ke2 {[%emt 0:00:15]} Re8 {[%emt 0:01:38]} 38. Kd2 {[%emt 0:00:05]} Qd7 {[%emt 0:00:30]} 39. Kc3 {[%emt 0:00:45]} Kh8 {[%emt 0:00:05]} 40. Re1 {[%emt 0:00:15]} Qd8 {[%emt 0:00:59]} 41. b4 {[%emt 0:00:05]} Rce7 {[%emt 0:00:40]} 42. Ng2 {[%emt 0:08:18]} Kg8 {[%emt 0:01:19]} 43. Nh4 {[%emt 0:00:05]} Qd7 {[%emt 0:01:05]} 44. Qh2 {[%emt 0:00:10]} Qd8 {[%emt 0:03:17]} 45. Be2 {[%emt 0:00:40]} Rc7 {[%emt 0:00:45]} 46. Qh3 {[%emt 0:00:39]} Rce7 {[%emt 0:00:38]} 47. Ng6 {[%emt 0:00:53]} Rc7 {[%emt 0:00:19]} 48. Rh2 {[%emt 0:01:05]} Rf7 {[%emt 0:00:51]} 49. Nh4 {[%emt 0:00:48]} Rfe7 {[%emt 0:00:27]} 50. Bd3 {[%emt 0:00:22]} Rc7 {[%emt 0:00:50]} 51. Rf2 {[%emt 0:01:33]} Rce7 {[%emt 0:00:22]} 52. Rg1 {[%emt 0:01:20]} Qd7 {[%emt 0:00:44]} 53. Rg3 {[%emt 0:00:35]} Rd8 {[%emt 0:00:16]} 54. Rh2 {[%emt 0:00:24]} Rde8 {[%emt 0:00:29]} 55. Ng6 {[%emt 0:01:35]} Rf7 {[%emt 0:00:23]} 56. Nh4 {[%emt 0:02:00]} Rfe7 {[%emt 0:00:08]} 57. Nf3 {[%emt 0:00:28]} Qd8 {[%emt 0:00:46]} 58. Rh1 {[%emt 0:00:31]} Qc7 {[%emt 0:00:23]} 59. g6 {[%emt 0:03:05]} h6 {[%emt 0:00:08]} 60. Ng5 {[%emt 0:01:30]} Kh8 {[%emt 0:05:59]} 61. Nf7+ {[%emt 0:00:34]} Rxf7 {[%emt 0:00:57]} 62. gxf7 {[%emt 0:00:03]} Re7 {[%emt 0:00:18]} 63. Rhg1 {[%emt 0:02:43]} Rxf7 {[%emt 0:00:07]} 64. Qg2 {[%emt 0:00:03]} Qe7 {[%emt 0:00:42]} 65. Qf2 {[%emt 0:00:32]} Bd7 {[%emt 0:00:57]} 66. Be2 {[%emt 0:00:18]} Bc8 {[%emt 0:00:21]} 67. Bd3 {[%emt 0:00:20]} Bd7 {[%emt 0:00:07]} 68. Be2 {[%emt 0:00:03]} 1/2-1/2

[Event "Eurasia Open Cup 2019"]
[Site "Ekaterinburg"]
[Date "2019.08.08"]
[Round "8.7"]
[White "Cherniaev, Alexander"]
[Black "Khismatullin, Denis"]
[Result "0-1"]
[WhiteElo "2396"]
[BlackElo "2618"]
[Annotator "ChessBase"]
[PlyCount "88"]
[EventDate "2019.07.31"]
[EventType "swiss"]
[EventCountry "RUS"]
[SourceTitle "playchess.com"]
[Source "ChessBase"]
[SourceQuality "1"]
[TimeControl "5400+30"]

1. e4 {[%emt 0:00:00]} c5 {[%emt 0:01:34]} 2. Nc3 {[%emt 0:00:00]} e6 {[%emt 0:01:07]} 3. Nge2 {[%emt 0:00:00]} Nc6 {[%emt 0:02:59]} 4. g3 {[%emt 0:00:27]} d5 {[%emt 0:03:01]} 5. exd5 {[%emt 0:00:41]} exd5 {[%emt 0:00:00]} 6. d4 {[%emt 0:00:21]} Bg4 {[%emt 0:08:15]} 7. Bg2 {[%emt 0:00:47]} Nxd4 {[%emt 0:02:36]} 8. O-O {[%emt 0:18:32]} Nf6 {[%emt 0:06:16]} 9. h3 {[%emt 0:05:32]} Bf3 {[%emt 0:17:25]} 10. Bxf3 {[%emt 0:10:54]} Nxf3+ {[%emt 0:00:36]} 11. Kg2 {[%emt 0:00:00]} d4 {[%emt 0:02:57]} 12. Kxf3 {[%emt 0:00:37]} Qd7 {[%emt 0:01:23]} 13. Kg2 {[%emt 0:03:54]} O-O-O {[%emt 0:02:11]} 14. Qd3 {[%emt 0:05:00]} dxc3 {[%emt 0:04:45]} 15. Qxd7+ {[%emt 0:01:50]} Rxd7 {[%emt 0:00:19]} 16. Nxc3 {[%emt 0:00:16]} Bd6 {[%emt 0:00:34]} 17. Re1 {[%emt 0:03:56]} h6 {[%emt 0:02:22]} 18. Ne4 {[%emt 0:01:33]} Nd5 {[%emt 0:05:27]} 19. Bd2 {[%emt 0:11:02]} Be7 {[%emt 0:02:48]} 20. c4 {[%emt 0:08:42]} Nb4 {[%emt 0:01:32]} 21. Bxb4 {[%emt 0:00:09]} cxb4 {[%emt 0:00:05]} 22. Rad1 {[%emt 0:00:06]} Rhd8 {[%emt 0:02:45]} 23. Rxd7 {[%emt 0:00:09]} Rxd7 {[%emt 0:05:04]} 24. g4 {[%emt 0:00:22]} Rd3 {[%emt 0:00:33]} 25. b3 {[%emt 0:01:15]} a5 {[%emt 0:02:28]} 26. Re2 {[%emt 0:04:27]} Rd1 {[%emt 0:00:07]} 27. Rd2 {[%emt 0:08:37]} Re1 {[%emt 0:03:33]} 28. Kf3 {[%emt 0:00:16]} Kc7 {[%emt 0:00:38]} 29. Ng3 {[%emt 0:00:53]} Rc1 {[%emt 0:03:38]} 30. Nf5 {[%emt 0:00:32]} Bg5 {[%emt 0:01:20]} 31. Ne3 {[%emt 0:00:25]} Kc6 {[%emt 0:00:26]} 32. Kg3 {[%emt 0:05:33]} Ra1 {[%emt 0:08:41]} 33. f4 {[%emt 0:01:42]} Be7 {[%emt 0:00:44]} 34. Nc2 {[%emt 0:01:40]} Rg1+ {[%emt 0:01:19]} 35. Kf3 {[%emt 0:00:04]} Rf1+ {[%emt 0:02:05]} 36. Ke4 {[%emt 0:01:39]} Bc5 {[%emt 0:01:53]} 37. h4 {[%emt 0:02:48]} g6 {[%emt 0:01:52]} 38. Ke5 {[%emt 0:00:48]} Rh1 {[%emt 0:00:55]} 39. Kf6 {[%emt 0:01:41]} Rxh4 {[%emt 0:00:00]} 40. Rg2 {[%emt 0:00:33]} h5 {[%emt 0:01:40]} 41. Kxf7 {[%emt 0:00:00]} Rxg4 {[%emt 0:00:36]} 42. Rxg4 {[%emt 0:00:02]} hxg4 {[%emt 0:00:00]} 43. Ne1 {[%emt 0:00:45]} Bf2 {[%emt 0:00:18]} 44. Ng2 {[%emt 0:00:51]} Kc5 {[%emt 0:00:05]} 0-1

[Event "Eurasia Open Cup 2019"]
[Site "Ekaterinburg"]
[Date "2019.08.08"]
[Round "8.8"]
[White "Pogromsky, Mikhail"]
[Black "Alekseev, Evgeny"]
[Result "0-1"]
[WhiteElo "2414"]
[BlackElo "2645"]
[Annotator "ChessBase"]
[PlyCount "130"]
[EventDate "2019.07.31"]
[EventType "swiss"]
[EventCountry "RUS"]
[SourceTitle "playchess.com"]
[Source "ChessBase"]
[SourceQuality "1"]
[TimeControl "5400+30"]

1. c4 {[%emt 0:04:29]} e6 {[%emt 0:02:34]} 2. Nc3 {[%emt 0:00:49]} d5 {[%emt 0:01:53]} 3. d4 {[%emt 0:00:19]} Bb4 {[%emt 0:00:46]} 4. cxd5 {[%emt 0:00:17]} exd5 {[%emt 0:00:00]} 5. Bf4 {[%emt 0:00:38]} c6 {[%emt 0:06:37]} 6. e3 {[%emt 0:00:00]} Bf5 {[%emt 0:04:57]} 7. Bd3 {[%emt 0:11:22]} Bxd3 {[%emt 0:04:05]} 8. Qxd3 {[%emt 0:00:02]} Nf6 {[%emt 0:01:42]} 9. Nf3 {[%emt 0:01:23]} O-O {[%emt 0:02:05]} 10. O-O {[%emt 0:00:00]} a5 {[%emt 0:11:33]} 11. a3 {[%emt 0:01:10]} Be7 {[%emt 0:01:46]} 12. h3 {[%emt 0:01:46]} Nbd7 {[%emt 0:03:45]} 13. Ne5 {[%emt 0:19:40]} Nb6 {[%emt 0:03:17]} 14. Qc2 {[%emt 0:01:39]} Re8 {[%emt 0:04:23]} 15. b3 {[%emt 0:05:49]} Bf8 {[%emt 0:04:14]} 16. Bg5 {[%emt 0:05:58]} Qd6 {[%emt 0:05:18]} 17. Qf5 {[%emt 0:06:19]} Nbd7 {[%emt 0:01:34]} 18. Nxd7 {[%emt 0:05:14]} Nxd7 {[%emt 0:01:38]} 19. Bf4 {[%emt 0:00:57]} Qe7 {[%emt 0:01:53]} 20. Bg5 {[%emt 0:00:14]} Qe6 {[%emt 0:06:19]} 21. Qxe6 {[%emt 0:01:27]} fxe6 {[%emt 0:01:01]} 22. Rfd1 {[%emt 0:07:18]} e5 {[%emt 0:01:52]} 23. dxe5 {[%emt 0:00:12]} Nxe5 {[%emt 0:02:51]} 24. Bf4 {[%emt 0:01:57]} Nf7 {[%emt 0:01:32]} 25. a4 {[%emt 0:01:36]} Nd8 {[%emt 0:01:26]} 26. Rab1 {[%emt 0:01:49]} Ne6 {[%emt 0:00:15]} 27. Bg3 {[%emt 0:00:17]} Nc5 {[%emt 0:02:36]} 28. Ne2 {[%emt 0:02:04]} Ra6 {[%emt 0:01:52]} 29. Bc7 {[%emt 0:01:05]} Ne4 {[%emt 0:02:07]} 30. f3 {[%emt 0:03:29]} Nc5 {[%emt 0:04:59]} 31. Kf2 {[%emt 0:00:08]} Ne6 {[%emt 0:01:10]} 32. Be5 {[%emt 0:01:01]} Bb4 {[%emt 0:00:52]} 33. h4 {[%emt 0:03:09]} Raa8 {[%emt 0:03:47]} 34. h5 {[%emt 0:01:27]} Re7 {[%emt 0:01:18]} 35. Nd4 {[%emt 0:01:36]} Nc5 {[%emt 0:00:54]} 36. Bd6 {[%emt 0:00:59]} Rf7 {[%emt 0:01:14]} 37. Bxc5 {[%emt 0:03:26]} Bxc5 {[%emt 0:00:32]} 38. Rbc1 {[%emt 0:00:55]} Ba3 {[%emt 0:02:02]} 39. Rc2 {[%emt 0:00:52]} Re8 {[%emt 0:00:34]} 40. g4 {[%emt 0:01:10]} g6 {[%emt 0:00:45]} 41. hxg6 {[%emt 0:00:39]} hxg6 {[%emt 0:00:00]} 42. f4 {[%emt 0:00:45]} Rh7 {[%emt 0:02:19]} 43. Nf3 {[%emt 0:01:45]} Bd6 {[%emt 0:00:09]} 44. Rcc1 {[%emt 0:00:36]} Ba3 {[%emt 0:01:51]} 45. Rc3 {[%emt 0:01:18]} Kg7 {[%emt 0:00:44]} 46. Kg2 {[%emt 0:00:38]} Bb4 {[%emt 0:01:15]} 47. Rcd3 {[%emt 0:00:11]} Rhh8 {[%emt 0:00:42]} 48. Rh1 {[%emt 0:00:37]} Rxh1 {[%emt 0:00:44]} 49. Kxh1 {[%emt 0:00:00]} Bc5 {[%emt 0:00:49]} 50. Ne5 {[%emt 0:00:07]} g5 {[%emt 0:00:32]} 51. Kg2 {[%emt 0:00:51]} Bd6 {[%emt 0:00:56]} 52. Nc4 {[%emt 0:01:19]} Bc7 {[%emt 0:00:30]} 53. Kf3 {[%emt 0:00:25]} gxf4 {[%emt 0:00:33]} 54. exf4 {[%emt 0:00:50]} Rf8 {[%emt 0:01:14]} 55. Ne3 {[%emt 0:00:58]} Rxf4+ {[%emt 0:00:10]} 56. Ke2 {[%emt 0:00:31]} Kg6 {[%emt 0:00:35]} 57. Rd1 {[%emt 0:00:34]} Bb6 {[%emt 0:00:04]} 58. Nf5 {[%emt 0:00:14]} Bc5 {[%emt 0:01:03]} 59. Rc1 {[%emt 0:01:03]} b6 {[%emt 0:00:14]} 60. Nh4+ {[%emt 0:00:42]} Kf6 {[%emt 0:00:16]} 61. Rf1 {[%emt 0:00:26]} Rxf1 {[%emt 0:00:17]} 62. Kxf1 {[%emt 0:00:31]} Kg5 {[%emt 0:00:44]} 63. Nf3+ {[%emt 0:00:01]} Kxg4 {[%emt 0:00:00]} 64. Ne5+ {[%emt 0:00:03]} Kf4 {[%emt 0:00:24]} 65. Nxc6 {[%emt 0:00:00]} Ke3 {[%emt 0:00:07]} 0-1

[Event "Eurasia Open Cup 2019"]
[Site "Ekaterinburg"]
[Date "2019.08.08"]
[Round "8.10"]
[White "Gabdrakhmanov, Azat"]
[Black "Zhigalko, Andrey"]
[Result "1-0"]
[WhiteElo "2111"]
[BlackElo "2549"]
[Annotator "ChessBase"]
[PlyCount "75"]
[EventDate "2019.07.31"]
[EventType "swiss"]
[EventCountry "RUS"]
[SourceTitle "playchess.com"]
[Source "ChessBase"]
[SourceQuality "1"]
[TimeControl "5400+30"]

1. e4 {[%emt 0:00:00]} c5 {[%emt 0:00:00]} 2. Nf3 {[%emt 0:00:00]} d6 {[%emt 0:00:00]} 3. c4 {[%emt 0:00:00]} Bg4 {[%emt 0:02:43]} 4. d4 {[%emt 0:03:18]} cxd4 {[%emt 0:12:08]} 5. Qxd4 {[%emt 0:00:53]} Bxf3 {[%emt 0:00:16]} 6. gxf3 {[%emt 0:00:02]} Nc6 {[%emt 0:00:04]} 7. Qc3 {[%emt 0:00:52]} Nf6 {[%emt 0:04:09]} 8. Be3 {[%emt 0:01:30]} g6 {[%emt 0:04:48]} 9. Qb3 {[%emt 0:02:28]} Bg7 {[%emt 0:06:24]} 10. Be2 {[%emt 0:06:20]} Nd7 {[%emt 0:10:06]} 11. Nc3 {[%emt 0:03:32]} Nd4 {[%emt 0:11:04]} 12. Bxd4 {[%emt 0:02:00]} Bxd4 {[%emt 0:00:03]} 13. Qxb7 {[%emt 0:02:05]} O-O {[%emt 0:07:20]} 14. Qd5 {[%emt 0:04:25]} Bg7 {[%emt 0:07:02]} 15. Qd2 {[%emt 0:01:51]} Rb8 {[%emt 0:02:43]} 16. Rc1 {[%emt 0:02:08]} e6 {[%emt 0:03:06]} 17. h4 {[%emt 0:01:51]} Nc5 {[%emt 0:03:02]} 18. h5 {[%emt 0:02:56]} g5 {[%emt 0:01:34]} 19. h6 {[%emt 0:01:15]} Be5 {[%emt 0:00:59]} 20. Rg1 {[%emt 0:01:46]} Kh8 {[%emt 0:00:57]} 21. Rxg5 {[%emt 0:07:37]} Rxb2 {[%emt 0:00:49]} 22. Qe3 {[%emt 0:00:12]} Qf6 {[%emt 0:06:06]} 23. Rxe5 {[%emt 0:00:24]} Qxe5 {[%emt 0:00:59]} 24. f4 {[%emt 0:00:21]} Qf6 {[%emt 0:00:21]} 25. e5 {[%emt 0:00:15]} Qxh6 {[%emt 0:05:53]} 26. exd6 {[%emt 0:00:10]} Rg8 {[%emt 0:00:42]} 27. Bf1 {[%emt 0:04:26]} Nd7 {[%emt 0:04:43]} 28. c5 {[%emt 0:01:35]} e5 {[%emt 0:01:42]} 29. c6 {[%emt 0:02:53]} Nf6 {[%emt 0:03:02]} 30. fxe5 {[%emt 0:00:49]} Qxe3+ {[%emt 0:00:17]} 31. fxe3 {[%emt 0:00:01]} Ng4 {[%emt 0:00:06]} 32. Nd1 {[%emt 0:02:05]} Rxa2 {[%emt 0:01:28]} 33. c7 {[%emt 0:01:11]} Nxe5 {[%emt 0:00:06]} 34. Be2 {[%emt 0:00:43]} Rc8 {[%emt 0:00:51]} 35. Rb1 {[%emt 0:00:43]} Nd7 {[%emt 0:01:20]} 36. Nc3 {[%emt 0:00:33]} Rc2 {[%emt 0:00:05]} 37. Rb3 {[%emt 0:00:22]} Nc5 {[%emt 0:00:29]} 38. Rb8 {[%emt 0:00:08]} 1-0